MARC details
| 000 -BAŞLIK |
| Sabit Uzunluktaki Kontrol Alanı |
03273nam a22004217a 4500 |
| 001 - KONTROL NUMARASI |
| Control Dosyası |
0028165 |
| 003 - KONTROL NUMARASI KİMLİĞİ |
| Kontrol Alanı |
KOHA_MİRAKIL |
| 005 - EN SON İŞLEM TARİHİ ve ZAMANI |
| Kontrol Alanı |
20260207002621.0 |
| 007 - FİZİKSEL TANIM SABİT ALAN - GENEL BİLGİ |
| Sabit uzunluklu kontrol alanı |
ta |
| 008 - SABİT UZUNLUKTAKİ VERİ ÖGELERİ - GENEL BİLGİ |
| Sabit Alan |
110309b2003 tu |||gr||||#||||0|tur | |
| 020 ## - ISBN - ULUSLARARASI STANDART KİTAP NUMARASI |
| Isbn |
9756951591 |
| Kullanılabilirlik koşulları |
0,01 |
| 040 ## - KATALOGLAMA KAYNAĞI |
| Özgün Kataloglama Kurumu |
TR-BiSEU |
| Kataloglama Dili |
tur |
| Çeviri Kurumu |
TR-BiSEU |
| Açıklama Kuralları |
rda |
| 041 0# - DİL KODU |
| Metin ya da ses kaydının dil kodu |
tur |
| 044 ## - YAYINLAYAN/ÜRETEN KURULUŞUN ÜLKE KODU |
| ISO country code |
tu |
| 050 ## - SINIFLAMA ve YER NUMARASI |
| Sınıflama Numarası |
HF5616.T9 |
| Yer Numarası |
Y55 2003 |
| 100 1# - KİŞİ ADI |
| Yazar Adı (Kişi adı) |
Yılmaz, Eyüp. |
| 245 1# - ESER ADI BİLDİRİMİ |
| Başlık |
Bankacılıkta ve sermaye piyasalarında bağımsız denetim düzenlemeleri/ |
| Sorumluluk Bildirimi |
Eyüp Yılmaz ; Eyüp Yılmaz. |
| 264 #1 - ÜRERİM, YAYIN, DAĞITIM ve TELİF BİLDİRİMİ |
| Yayın yeri |
Ankara : |
| Yayınlayan |
Sermaye Piyasası Kurulu |
| Yayın tarihi |
2003 |
| 300 ## - FİZİKSEL TANIMLAMA |
| Sayfa, Cilt vb. |
42 sayfa; 23 cm. |
| 336 ## - İÇERİK TÜRÜ |
| Content type term |
metin |
| Content type code |
txt |
| Source |
rdacontent |
| 337 ## - MEDYA TÜRÜ |
| Media type term |
aracısız |
| Media type code |
n |
| Source |
rdamedia |
| 338 ## - TAŞIYICI TÜRÜ |
| Carrier type term |
cilt |
| Carrier type code |
nc |
| Source |
rdacarrier |
| 490 1# - DİZİ BİLDİRİMİ |
| Dizi Bildirimi |
Sermaye Piyasası Kurulu ; |
| Cilt Numarası |
yayın no. |
| 490 1# - DİZİ BİLDİRİMİ |
| Dizi Bildirimi |
156. |
| 490 1# - DİZİ BİLDİRİMİ |
| Dizi Bildirimi |
Yeterlik etüdü. |
| 500 ## - GENEL NOT |
| Genel Not |
Kaynakça var. |
| 505 ## - İÇİNDEKİLER NOTU |
| İçindekiler Notu |
İÇİNDEKİLER |
| 650 #0 - KONU BAŞLIĞI EK GİRİŞ - KONU TERİMİ |
| Konusal terim veya coğrafi ad |
Muhasebe--Türkiye. |
| 9 (RLIN) |
33362 |
| 650 #0 - KONU BAŞLIĞI EK GİRİŞ - KONU TERİMİ |
| Konusal terim veya coğrafi ad |
Mali denetim--Türkiye. |
| 9 (RLIN) |
55797 |
| 650 #0 - KONU BAŞLIĞI EK GİRİŞ - KONU TERİMİ |
| Konusal terim veya coğrafi ad |
Şirketler--Maliye--Türkiye. |
| 9 (RLIN) |
55798 |
| 650 #0 - KONU BAŞLIĞI EK GİRİŞ - KONU TERİMİ |
| Konusal terim veya coğrafi ad |
Accounting--Turkey. |
| 9 (RLIN) |
19534 |
| 650 #0 - KONU BAŞLIĞI EK GİRİŞ - KONU TERİMİ |
| Konusal terim veya coğrafi ad |
Auditing--Turkey. |
| 9 (RLIN) |
19535 |
| 650 #0 - KONU BAŞLIĞI EK GİRİŞ - KONU TERİMİ |
| Konusal terim veya coğrafi ad |
Corporations--Finance--Turkey. |
| 9 (RLIN) |
19373 |
| 830 1# - SERİ EK GİRİŞİ - TEKBİÇİM ESER ADI |
| Tekbiçim Başlık |
Sermaye Piyasası Kurulu ; |
| Volume number/sequential designation |
yayın no. |
| 9 (RLIN) |
5703 |
| 830 1# - SERİ EK GİRİŞİ - TEKBİÇİM ESER ADI |
| Tekbiçim Başlık |
156. |
| 9 (RLIN) |
20153 |
| 830 1# - SERİ EK GİRİŞİ - TEKBİÇİM ESER ADI |
| Tekbiçim Başlık |
Yeterlik etüdü. |
| 9 (RLIN) |
47338 |
| 942 ## - EK GİRİŞ ÖGELERİ (KOHA) |
| Source of classification or shelving scheme |
Library of Congress Classification |
| Koha item type |
Book |
| 505 ## - İÇİNDEKİLER NOTU |
| -- |
KISALTMALAR CETVELİ VII GİRİŞ |
| -- |
1 I. BÖLÜM |
| -- |
2 I. DENETİM KAVRAMI |
| -- |
2 1.1 TANIM |
| -- |
2 1.2 DENETİM TÜRLERİ 4 |
| -- |
1.3 MALİ TABLOLARIN BAĞIMSIZ DENETÇİ TARAFINDAN |
| -- |
DENETLENMESİ 4 |
| -- |
1.4 GENEL KABUL GÖRMÜŞ DENETİM STANDARTLARI 5 |
| -- |
1.4.1 Genel Standartlar 7 |
| -- |
1.4.2 Çalışma Alanı Standartları 7 |
| -- |
1.4.3 Raporlama Standartları 8 |
| -- |
II. BÖLÜM 8 |
| -- |
I. BAĞIMSIZ DENETİMİN GEREKLİLİĞİ 8 |
| -- |
1.1 KAMUYU AYDINLATMA VE LİYAKAT YAKLAŞIMLARI 9 |
| -- |
1.2 GÜVENİLİR VE KARŞILAŞTIRILABİLİR BİLGİNİN ÖNEMİ 10 |
| -- |
1.3 GÜVENİLİR BİLGİNİN TEMİNİNDE KARŞILAŞILAN GÜÇLÜKLER VE BİLGİNİN GÜVENİLİR OLMAMA OLASILIĞININ AZALTILMASI 11 |
| -- |
III. BÖLÜM 12 |
| -- |
I. BAĞIMSIZ DENETİM DÜZENLEMELERİ VE YURTDIŞI UYGULAMALARI 12 |
| -- |
1.1 BDDK TARAFINDAN YAPILAN DÜZENLEMELER 13 |
| -- |
1.2 PEERREVİEW SİSTEMİ 15 1.2.1 Peer Revievv Türleri 16 |
| -- |
1.2.2 Peer RevievverOlma Koşulları 17 |
| -- |
1.2.3 Peer Revievver'ın Belirlenmesi 17 |
| -- |
1.3 İKİNCİ BAĞIMSIZ DENETİMİN KAPSAMI 18 |
| -- |
1.4 SARBANES-OXLEY KANUNU 21 |
| -- |
1.4.1 Mali Tabloların Açıklanması 21 |
| -- |
ri 24 |
| -- |
1.4.3.2 Public Company Accounting Oversight Board Tarafından Uygulanması Öngörülen Yaptırımlar 25 |
| -- |
1.4.4 Denetimde Kalite Kontrolü ve Etik Kurallar 26 |
| -- |
1.4.5 Bağımsız Denetime İlişkin Düzenlemeler 27 |
| -- |
1.4.5.1 Yasaklanan Denetim Dışı Hizmetler 27 |
| -- |
1.4.5.2 Diğer Denetim Dışı Hizmetlerin Alınmasına İlişkin Prosedür 28 |
| -- |
1.4.5.3 Sorumlu Ortak Baş Denetçinin Rotasyonu 29 |
| -- |
1.4.5.4 Muhasebe ile İlgili Konuların Denetim Komitesine Sunulması 29 |
| -- |
1.4.5.5 Çıkar Çatışması 30 |
| -- |
1.5 SERMAYE PİYASASI KURULU TARAFINDAN YAPILAN |
| -- |
DÜZENLEMELER 30 |
| -- |
1.5.1 Bağımsız Denetçiden Alınması Yasaklanan Hizmetler 31 |
| -- |
1.5.2 Bağımsız Denetimde Rotasyon 32 |
| -- |
1.5.3 Denetimden Sorumlu Komitelerin Oluşturulması 32 |
| -- |
1.5.4 Mali Tabloların Hazırlanması ve Açıklanması 34 |
| -- |
IV. BÖLÜM 35 |
| -- |
I. SONUÇ 35 |
| -- |
KAYNAKÇA 41 |